The great dinosaur mistake (Record no. 16838)
[ view plain ]
| 000 -LEADER | |
|---|---|
| fixed length control field | 00501nam a22001937a 4500 |
| 003 - CONTROL NUMBER IDENTIFIER | |
| control field | OSt |
| 005 - DATE AND TIME OF LATEST TRANSACTION | |
| control field | 20140310182840.0 |
| 008 - FIXED-LENGTH DATA ELEMENTS--GENERAL INFORMATION | |
| fixed length control field | 130608t xxu||||| |||| 00| 0 eng d |
| 050 ## - LIBRARY OF CONGRESS CALL NUMBER | |
| Classification number | BS 652 |
| Item number | .Se455 1975 |
| 082 ## - DEWEY DECIMAL CLASSIFICATION NUMBER | |
| Classification number | M 813.54 |
| Item number | Se3 1975 |
| 245 ## - TITLE STATEMENT | |
| Title | The great dinosaur mistake |
| Statement of responsibility, etc | Segraves, Kelly L. |
| 260 ## - PUBLICATION, DISTRIBUTION, ETC. (IMPRINT) | |
| Place of publication, distribution, etc | San Diego, Calif. |
| Name of publisher, distributor, etc | Beta Books |
| Date of publication, distribution, etc | c1975 |
| 300 ## - PHYSICAL DESCRIPTION | |
| Extent | 93 p. |
| Dimensions | 18 cm. |
| 521 ## - TARGET AUDIENCE NOTE | |
| Target audience note | |
| 526 ## - STUDY PROGRAM INFORMATION NOTE | |
| Reading level | 1210L-1700L |
| 541 ## - IMMEDIATE SOURCE OF ACQUISITION NOTE | |
| -- | 1 |
| 562 ## - COPY AND VERSION IDENTIFICATION NOTE | |
| Number of copies | 1 |
| 942 ## - ADDED ENTRY ELEMENTS (KOHA) | |
| Source of classification or shelving scheme | Library of Congress Classification |
| Koha item type | Books |
| Call number prefix | |
| Withdrawn status | Lost status | Source of classification or shelving scheme | Damaged status | Home library | Current library | Shelving location | Date acquired | Source of acquisition | Total Checkouts | Full call number | Barcode | Date last seen | Copy number | Price effective from | Koha item type |
|---|---|---|---|---|---|---|---|---|---|---|---|---|---|---|---|
| Library of Congress Classification | Archives | Archives | 06/08/2013 | Donation | BS 652 .Se455 1975 | C2097 | 05/15/2018 | 1 | 06/08/2013 | Books |